[Event "Bad Woerishofen op"]
[Site "?"]
[Date "2000.??.??"]
[Round "6"]
[White "Finzer, Lothar"]
[Black "Zunker, Reinhard"]
[Result "0-1"]
[WhiteElo "1800"]
[BlackElo "2226"]
[Annotator "ChessOrg"]
[PlyCount "78"]
[EventDate "2000.??.??"]
[Source "ChessBase"]
[SourceDate "1998.04.29"]

1. d4 Nf6 2. c4 g6 3. Nc3 Bg7 4. e4 d6 5. Bd3 O-O 6. Nge2 Nc6 7. O-O e5 8. d5
Ne7 9. f3 Ne8 10. Be3 f5 11. Qc2 f4 12. Bf2 g5 13. c5 Ng6 14. Rac1 Rf7 15. Rfd1
h5 16. Kh1 g4 17. cxd6 cxd6 18. Ng1 Bh6 19. Rb1 Qg5 20. Qd2 Kh7 21. Be2 Qe7 22.
Qe1 Bg5 23. Rd3 Nf6 24. b3 Kh8 25. Rb2 Rh7 26. Bd1 Bd7 27. b4 g3 28. hxg3 fxg3
29. Bxg3 h4 30. Bh2 Nh5 31. Nh3 Bxh3 32. gxh3 Ngf4 33. Bxf4 Nxf4 34. Rdd2 Nxh3
35. Rh2 Nf4 36. Qf1 Rc8 37. Rbc2 Nh5 38. Kg1 Be3+ 39. Kg2 Rg8+ 0-1

[Event "Bad Woerishofen op"]
[Site "?"]
[Date "2000.??.??"]
[Round "8"]
[White "Finzer, Lothar"]
[Black "Puls, Harry"]
[Result "1/2-1/2"]
[WhiteElo "1800"]
[BlackElo "1616"]
[Annotator "ChessOrg"]
[PlyCount "56"]
[EventDate "2000.??.??"]
[Source "ChessBase"]
[SourceDate "1998.04.29"]

1. d4 d5 2. c4 c6 3. cxd5 cxd5 4. Nc3 Nf6 5. Bf4 a6 6. e3 e6 7. Bd3 Be7 8. Rc1
O-O 9. Nge2 Nbd7 10. O-O Nh5 11. Qc2 f5 12. h3 Nxf4 13. Nxf4 Nf6 14. Nfe2 Bd7
15. Qb3 Rb8 16. Kh1 Bd6 17. Ng1 Qe8 18. Nf3 Kh8 19. Qd1 Bc6 20. a3 Qe7 21. Ne2
Bd7 22. Ng3 Rbc8 23. Ne5 Rxc1 24. Qxc1 Rc8 25. Qb1 Be8 26. Rc1 Rxc1+ 27. Qxc1
Qc7 28. Qxc7 Bxc7 1/2-1/2

[Event "Bad Woerishofen op"]
[Site "?"]
[Date "2000.??.??"]
[Round "2"]
[White "Fischer, Ernst"]
[Black "Scheidt, Eugen"]
[Result "1/2-1/2"]
[WhiteElo "2198"]
[BlackElo "1917"]
[Annotator "ChessOrg"]
[PlyCount "126"]
[EventDate "2000.??.??"]
[Source "ChessBase"]
[SourceDate "1998.04.29"]

1. e4 c5 2. Nf3 d6 3. c3 Nf6 4. Be2 Nc6 5. d4 e6 6. Nbd2 Qc7 7. O-O Be7 8. Re1
O-O 9. Bd3 cxd4 10. cxd4 e5 11. d5 Nb4 12. Bb1 Bg4 13. a3 Na6 14. h3 Bd7 15. b4
Rac8 16. Bb2 g6 17. Bd3 Nh5 18. Qb3 Qb8 19. Nc4 Bf6 20. Bc1 Bg7 21. Bg5 Rfe8
22. Be3 Bf8 23. Rac1 Nf4 24. Bf1 h6 25. Kh2 Kh7 26. g3 Nh5 27. Na5 Rxc1 28.
Rxc1 Nc7 29. a4 Rc8 30. b5 Ne8 31. Rc4 Rxc4 32. Qxc4 Nhf6 33. Bd3 g5 34. Nd2 g4
35. h4 h5 36. Ndb3 Ng8 37. Qc1 f6 38. Kg2 Bh6 39. Qd2 Bxe3 40. Qxe3 Nh6 41. Nd2
Kg7 42. Be2 Kh7 43. Ndc4 Kg7 44. Na3 Kh7 45. Nc2 Kg7 46. Nb4 Kh7 47. Nc4 Kg7
48. Na3 Kh7 49. a5 Kg6 50. a6 bxa6 51. Nxa6 Qb6 52. Qxb6 axb6 53. Nb8 Bc8 54.
Nc4 f5 55. Nxb6 Bb7 56. Bd3 Nf6 57. Nc6 fxe4 58. Bc4 Nf7 59. Na5 Nd8 60. Kf1
Kf7 61. Ke2 Ke8 62. Ke3 Kf7 63. Nb3 Kg6 1/2-1/2

[Event "Bad Woerishofen op"]
[Site "?"]
[Date "2000.??.??"]
[Round "4"]
[White "Fischer, Ernst"]
[Black "Tochtermann, Georg"]
[Result "1-0"]
[WhiteElo "2198"]
[BlackElo "1864"]
[Annotator "ChessOrg"]
[PlyCount "101"]
[EventDate "2000.??.??"]
[Source "ChessBase"]
[SourceDate "1998.04.29"]

1. e4 d6 2. d4 Nf6 3. Nc3 c6 4. f4 g6 5. Nf3 Bg7 6. Bd3 Qb6 7. Rb1 O-O 8. Qe2
Bg4 9. Be3 Nbd7 10. h3 Bxf3 11. Qxf3 Rac8 12. e5 Ne8 13. O-O e6 14. Ne4 Qc7 15.
Rbc1 d5 16. Nf2 c5 17. c3 c4 18. Bb1 f5 19. Qe2 Rf7 20. g4 Nf8 21. Nh1 h6 22.
Qg2 Qe7 23. Qg3 Nh7 24. Kf2 Kh8 25. Ke2 b5 26. a3 a5 27. Qf3 Nc7 28. Ng3 Rcf8
29. Rh1 b4 30. axb4 axb4 31. h4 bxc3 32. bxc3 Rb8 33. g5 h5 34. Nxh5 gxh5 35.
g6 Bf8 36. gxf7 Qxf7 37. Bc2 Rb2 38. Kd2 Ne8 39. Rb1 Rxb1 40. Rxb1 Ng7 41. Qg3
Be7 42. Rb7 Qe8 43. Qg1 Nf8 44. Ke2 Ng6 45. Ba4 Qxa4 46. Qxg6 Qc2+ 47. Kf1 Qd3+
48. Kg2 Qe4+ 49. Kh2 Bf8 50. Qf7 Qc2+ 51. Kg3 1-0

[Event "Bad Woerishofen op"]
[Site "?"]
[Date "2000.??.??"]
[Round "6"]
[White "Fischer, Ernst"]
[Black "Margraf, Achim"]
[Result "1-0"]
[WhiteElo "2198"]
[BlackElo "1883"]
[Annotator "ChessOrg"]
[PlyCount "85"]
[EventDate "2000.??.??"]
[Source "ChessBase"]
[SourceDate "1998.04.29"]

1. e4 c5 2. Nf3 e6 3. c3 Nf6 4. e5 Nd5 5. d4 Nc6 6. Bd3 cxd4 7. cxd4 d6 8. a3
dxe5 9. dxe5 Qc7 10. O-O Nxe5 11. Nxe5 Qxe5 12. Bb5+ Bd7 13. Bxd7+ Kxd7 14. Re1
Qd6 15. Qf3 f6 16. Nc3 Nxc3 17. Qxb7+ Qc7 18. Qxa8 Nd5 19. Be3 Qxh2+ 20. Kxh2
Bd6+ 21. g3 Rxa8 22. Rac1 h5 23. Kg2 f5 24. Bd4 g5 25. Rh1 h4 26. gxh4 e5 27.
Be3 gxh4 28. Rxh4 f4 29. Rh7+ Ne7 30. Bc5 Rc8 31. b4 a5 32. Rd1 Rg8+ 33. Kf3
Ke6 34. Rxd6+ Kf5 35. Rxe7 Rh8 36. Rd5 Rh3+ 37. Kg2 Rxa3 38. Rexe5+ Kf6 39. Rh5
axb4 40. Bxb4 Ra4 41. Bc3+ Kg6 42. Ra5 Rc4 43. Rhc5 1-0

[Event "Bad Woerishofen op"]
[Site "?"]
[Date "2000.??.??"]
[Round "8"]
[White "Fischer, Ernst"]
[Black "Kasueschke, Gregor"]
[Result "0-1"]
[WhiteElo "2198"]
[BlackElo "2030"]
[Annotator "ChessOrg"]
[PlyCount "52"]
[EventDate "2000.??.??"]
[Source "ChessBase"]
[SourceDate "1998.04.29"]

1. e4 c6 2. d4 d5 3. e5 Bf5 4. Nf3 e6 5. Be2 c5 6. O-O Nc6 7. c3 Qb6 8. Nh4
Bxb1 9. dxc5 Qd8 10. Qa4 Be4 11. Bb5 Qc8 12. b4 Be7 13. f3 Bg6 14. Nxg6 hxg6
15. Be3 Nh6 16. g4 Kf8 17. Bf4 Bh4 18. Rfd1 g5 19. Bxc6 Qxc6 20. Qxc6 bxc6 21.
Be3 f5 22. h3 Nf7 23. Bd4 Bg3 24. Kg2 Bxe5 25. Bxe5 Nxe5 26. Re1 Nd3 0-1

[Event "Bad Woerishofen op"]
[Site "?"]
[Date "2000.??.??"]
[Round "2"]
[White "Frantzke, Helmut"]
[Black "Schurig, Wilhelm"]
[Result "1-0"]
[WhiteElo "1869"]
[BlackElo "2150"]
[Annotator "ChessOrg"]
[PlyCount "39"]
[EventDate "2000.??.??"]
[Source "ChessBase"]
[SourceDate "1998.04.29"]

1. Nf3 g6 2. g3 Bg7 3. Bg2 e5 4. d3 d6 5. e4 c5 6. O-O Nc6 7. Nbd2 Nge7 8. c3
O-O 9. Nc4 Rb8 10. a4 b6 11. Bd2 a6 12. Ne3 Bd7 13. h4 f5 14. exf5 Nxf5 15.
Nxf5 Rxf5 16. Ng5 Qe8 17. Be4 Rf8 18. h5 Ne7 19. hxg6 Nxg6 20. Qh5 1-0

[Event "Bad Woerishofen op"]
[Site "?"]
[Date "2000.??.??"]
[Round "4"]
[White "Frantzke, Helmut"]
[Black "Bierwisch, Bernhard"]
[Result "0-1"]
[WhiteElo "1869"]
[BlackElo "2109"]
[Annotator "ChessOrg"]
[PlyCount "138"]
[EventDate "2000.??.??"]
[Source "ChessBase"]
[SourceDate "1998.04.29"]

1. Nf3 Nf6 2. d3 c5 3. e4 d6 4. g3 Nc6 5. Bg2 g6 6. O-O Bg7 7. c3 O-O 8. Nbd2
Nh5 9. Re1 Bg4 10. h3 Bd7 11. Nf1 e5 12. Ne3 Be6 13. Kh2 Bh6 14. Ng4 Bxc1 15.
Qxc1 f6 16. Qh6 Qd7 17. Nh4 Bxg4 18. hxg4 Qxg4 19. Qe3 Qd7 20. Bh3 Qf7 21. Bg4
Ng7 22. Qh6 Ne7 23. Kg2 f5 24. Bf3 f4 25. g4 Ne6 26. g5 Rfd8 27. Rh1 Qg7 28.
Bg4 Nf8 29. Nf3 Qxh6 30. gxh6 Kf7 31. Rad1 Kf6 32. d4 cxd4 33. cxd4 Rac8 34.
Bxc8 Rxc8 35. dxe5+ dxe5 36. Rd6+ Ne6 37. Rhd1 Rc4 38. b3 Rc5 39. Rd7 Rb5 40.
R1d6 Rb4 41. Ng5 Kxg5 42. Rxe6 Nc6 43. Rxh7 f3+ 44. Kf1 Rd4 45. Kg1 Rxe4 46.
Rg7 Rg4+ 47. Kf1 Kxh6 48. Rxb7 Nd8 49. Ree7 Nxb7 50. Rxb7 Rd4 51. Ke1 Re4+ 52.
Kf1 a5 53. Ra7 Rd4 54. Kg1 Rd5 55. Kh2 Kg5 56. Kg3 e4 57. Ra6 Kf5 58. a4 g5 59.
Rb6 Ke5 60. Kg4 Kd4 61. Rc6 Re5 62. Rb6 e3 63. fxe3+ Kxe3 64. Kg3 g4 65. Rf6
Ke2 66. Rc6 Rd5 67. Re6+ Kf1 68. Kxg4 f2 69. Re3 Rd8 0-1

[Event "Bad Woerishofen op"]
[Site "?"]
[Date "2000.??.??"]
[Round "6"]
[White "Frantzke, Helmut"]
[Black "Wunderer, Eckart"]
[Result "1/2-1/2"]
[WhiteElo "1869"]
[BlackElo "2106"]
[Annotator "ChessOrg"]
[PlyCount "64"]
[EventDate "2000.??.??"]
[Source "ChessBase"]
[SourceDate "1998.04.29"]

1. Nf3 Nf6 2. d3 d5 3. g3 c6 4. Bg2 Bf5 5. O-O e6 6. Nbd2 h6 7. Re1 Be7 8. c3
O-O 9. Qc2 Bh7 10. e4 Na6 11. b4 Rc8 12. a4 c5 13. b5 Nc7 14. c4 Re8 15. Bb2
Bf8 16. Ne5 Nd7 17. f4 Nxe5 18. fxe5 d4 19. Nf3 Be7 20. Bc1 Rf8 21. Rf1 Kh8 22.
Qf2 f5 23. exf6 Bxf6 24. Qe2 e5 25. Bd2 Ne6 26. Bh3 Qe7 27. Bg4 Rce8 28. h4 Rg8
29. Kg2 Ref8 30. Rh1 Qd7 31. Nh2 Qe7 32. Raf1 Rf7 1/2-1/2

[Event "Bad Woerishofen op"]
[Site "?"]
[Date "2000.??.??"]
[Round "8"]
[White "Frantzke, Helmut"]
[Black "Buesdorf, Konrad"]
[Result "1/2-1/2"]
[WhiteElo "1869"]
[BlackElo "1952"]
[Annotator "ChessOrg"]
[PlyCount "91"]
[EventDate "2000.??.??"]
[Source "ChessBase"]
[SourceDate "1998.04.29"]

1. Nf3 d5 2. g3 Nf6 3. d3 e6 4. Nbd2 Be7 5. Bg2 O-O 6. O-O c6 7. e4 dxe4 8.
dxe4 Qc7 9. e5 Nfd7 10. Qe2 Rd8 11. Re1 Nf8 12. h4 h6 13. h5 Nbd7 14. Nf1 b6
15. g4 Nh7 16. Bf4 Bb7 17. Ng3 Qc8 18. Rad1 Nc5 19. b3 Rxd1 20. Rxd1 Qe8 21.
Ne4 Nxe4 22. Qxe4 Rd8 23. Rd3 Rxd3 24. cxd3 Qd7 25. Nd2 Qd5 26. Qe2 Qd4 27. Be4
Qa1+ 28. Nf1 Ng5 29. Bxg5 Bxg5 30. Kg2 Bf4 31. Qc2 Bxe5 32. Bxc6 Ba6 33. Be4
Qc3 34. Ne3 Bb5 35. Qxc3 Bxc3 36. f4 Kf8 37. Kf3 Ke7 38. Nc2 Bd2 39. Nd4 Bd7
40. a3 a5 41. Bc6 Bc8 42. a4 Kd6 43. Be4 Bd7 44. Nc2 f6 45. d4 Bc8 46. Na3
1/2-1/2

[Event "Bad Woerishofen op"]
[Site "?"]
[Date "2000.??.??"]
[Round "2"]
[White "Ganslmayer, Herbert"]
[Black "Winkler, Hans"]
[Result "1/2-1/2"]
[WhiteElo "1770"]
[BlackElo "1600"]
[Annotator "ChessOrg"]
[PlyCount "120"]
[EventDate "2000.??.??"]
[Source "ChessBase"]
[SourceDate "1998.04.29"]

1. d4 e6 2. e3 d5 3. Bd3 c5 4. c3 c4 5. Bc2 Nf6 6. f4 Nc6 7. Nf3 Be7 8. O-O O-O
9. Nbd2 Ne8 10. Ne5 Bd7 11. Rf3 f5 12. Rh3 Nxe5 13. fxe5 g6 14. Qe2 a5 15. g4
Ng7 16. Qg2 b5 17. a3 b4 18. Nf3 bxc3 19. bxc3 a4 20. Rb1 Rb8 21. Rxb8 Qxb8 22.
Rh6 fxg4 23. Qxg4 Nf5 24. Rh3 Qd8 25. e4 dxe4 26. Bxe4 Be8 27. Ng5 Bxg5 28.
Bxg5 Qd7 29. Qg2 Nxd4 30. Qd2 Qf7 31. Bf6 Nf5 32. Rf3 Qa7+ 33. Kf1 Qd7 34. Qc1
Qc7 35. Bxf5 exf5 36. Qe3 Qb7 37. Kf2 Qb2+ 38. Kg3 Qb7 39. Rf4 Qd7 40. Rd4 Qb7
41. Rxc4 Qb8 42. Qf4 Qb6 43. Qd4 Qe6 44. Rc5 h6 45. c4 g5 46. Qd5 Bf7 47. Rc7
f4+ 48. Kf2 Qb6+ 49. Qc5 Qb2+ 50. Kg1 Qb1+ 51. Kg2 Qe4+ 52. Kf2 Qc2+ 53. Kg1
Qd1+ 54. Kf2 Qd2+ 55. Kg1 Qe1+ 56. Kg2 f3+ 57. Kxf3 Bh5+ 58. Kg2 Qe4+ 59. Kg1
Qg4+ 60. Kf2 Qe2+ 1/2-1/2

[Event "Bad Woerishofen op"]
[Site "?"]
[Date "2000.??.??"]
[Round "4"]
[White "Ganslmayer, Herbert"]
[Black "Schurig, Wilhelm"]
[Result "1/2-1/2"]
[WhiteElo "1770"]
[BlackElo "2150"]
[Annotator "ChessOrg"]
[PlyCount "86"]
[EventDate "2000.??.??"]
[Source "ChessBase"]
[SourceDate "1998.04.29"]

1. d4 g6 2. e3 Bg7 3. f4 c5 4. Nf3 cxd4 5. exd4 Nf6 6. c3 O-O 7. Bc4 d6 8. O-O
Nbd7 9. Kh1 Qc7 10. Bb3 e6 11. Qe1 b5 12. Ng5 Nb6 13. Nd2 Bb7 14. Ndf3 h6 15.
Nh3 a5 16. Bc2 b4 17. Bd2 bxc3 18. bxc3 Ba6 19. Rg1 Rac8 20. Rc1 Nc4 21. Bd3
Nxd2 22. Bxa6 Nxf3 23. gxf3 Rb8 24. Bd3 Nd5 25. Rg2 Ne7 26. Qe4 Nf5 27. Rcg1 d5
28. Qe1 Rb6 29. Bxf5 exf5 30. Re2 Rbb8 31. Re7 Qc4 32. Rg2 Bf6 33. Qg1 Bg7 34.
Rxg6 Rb1 35. Rxg7+ Kh8 36. Rh7+ Kxh7 37. Qxb1 Kg6 38. Qg1+ Kf6 39. Qe1 Qxa2 40.
Qe5+ Kg6 41. Qe1 Rb8 42. Qg3+ Kf6 43. Qh4+ Kg6 1/2-1/2

[Event "Bad Woerishofen op"]
[Site "?"]
[Date "2000.??.??"]
[Round "5"]
[White "Ganslmayer, Herbert"]
[Black "Frantzke, Helmut"]
[Result "0-1"]
[WhiteElo "1770"]
[BlackElo "1869"]
[Annotator "ChessOrg"]
[PlyCount "82"]
[EventDate "2000.??.??"]
[Source "ChessBase"]
[SourceDate "1998.04.29"]

1. d4 g6 2. e3 Bg7 3. f4 d5 4. Bd3 c6 5. Nf3 Bg4 6. O-O Nd7 7. Qe1 h5 8. Nbd2
Nh6 9. Ne5 Bf5 10. Ndf3 Nf6 11. Bxf5 Nxf5 12. Nh4 Nd6 13. Bd2 a5 14. b3 e6 15.
c4 Nfe4 16. Nhf3 Nf5 17. Rc1 h4 18. cxd5 cxd5 19. Qe2 Nfd6 20. Qd3 Rh6 21. Rc2
f6 22. Ng4 Rh5 23. Rfc1 h3 24. Be1 hxg2 25. Rxg2 Rh3 26. Qf1 Rh5 27. Rgc2 Bf8
28. Rc7 Be7 29. Qg2 g5 30. Nf2 Nf5 31. Qg4 Rh7 32. Nxe4 dxe4 33. Nd2 Rg7 34.
Qh5+ Kf8 35. Kh1 gxf4 36. Nxe4 fxe3 37. Qf3 Qd5 38. Bxa5 Rxa5 39. Rc8+ Bd8 40.
Rxd8+ Qxd8 41. Qh5 Ng3+ 0-1

[Event "Bad Woerishofen op"]
[Site "?"]
[Date "2000.??.??"]
[Round "7"]
[White "Ganslmayer, Herbert"]
[Black "Scheerer, Helmut"]
[Result "1/2-1/2"]
[WhiteElo "1770"]
[BlackElo "1840"]
[Annotator "ChessOrg"]
[PlyCount "34"]
[EventDate "2000.??.??"]
[Source "ChessBase"]
[SourceDate "1998.04.29"]

1. d4 Nf6 2. f4 e6 3. e3 c5 4. c3 b6 5. Nf3 Bb7 6. Bd3 Be7 7. O-O Ne4 8. Nbd2
f5 9. Ne5 O-O 10. Nxe4 fxe4 11. Bc4 Nc6 12. Bd2 d5 13. Be2 Nxe5 14. fxe5 Bg5
15. Qe1 Rxf1+ 16. Kxf1 Qe7 17. Rc1 c4 1/2-1/2

[Event "Bad Woerishofen op"]
[Site "Bad Woerishofen"]
[Date "2000.??.??"]
[Round "9"]
[White "Ganslmayer, Herbert"]
[Black "Ruth, Walter"]
[Result "1/2-1/2"]
[WhiteElo "1770"]
[BlackElo "1859"]
[Annotator "ChessOrg"]
[PlyCount "61"]
[EventDate "1998.03.05"]
[Source "ChessBase"]
[SourceDate "1998.04.29"]

1. d4 Nf6 2. e3 b6 3. f4 Bb7 4. Nf3 e6 5. Bd3 c5 6. O-O Nc6 7. c3 d5 8. Nbd2
Be7 9. Ne5 O-O 10. Rf3 Nxe5 11. fxe5 Ne4 12. Rh3 f5 13. exf6 Rxf6 14. Nf3 Bd6
15. Bd2 Qc7 16. Bxe4 dxe4 17. Ne5 Bxe5 18. dxe5 Qxe5 19. Be1 Ba6 20. g4 Rf1+
21. Kg2 Raf8 22. Qd2 Qd5 23. Qxd5 exd5 24. Rh5 R8f2+ 25. Bxf2 Rxa1 26. Rxd5
Rxa2 27. Rd8+ Kf7 28. Kg3 Rxb2 29. Rd7+ Kf6 30. h4 h6 31. h5 1/2-1/2

[Event "Bad Woerishofen op"]
[Site "?"]
[Date "2000.??.??"]
[Round "2"]
[White "Geissler, Dieter"]
[Black "Wulf, Adalbert"]
[Result "1-0"]
[WhiteElo "2072"]
[BlackElo "1790"]
[Annotator "ChessOrg"]
[PlyCount "54"]
[EventDate "2000.??.??"]
[Source "ChessBase"]
[SourceDate "1998.04.29"]

1. e4 d5 2. exd5 Nf6 3. d4 e6 4. dxe6 Bxe6 5. Nf3 Be7 6. Be2 O-O 7. O-O c6 8.
c4 Nbd7 9. Nc3 Nb6 10. b3 Qc7 11. h3 Rfd8 12. Qc2 Nbd7 13. Ng5 Nf8 14. Be3 h6
15. Nxe6 Nxe6 16. Rad1 Rac8 17. Bf3 Nf4 18. Ne4 Nd7 19. Qc1 Ng6 20. Bg4 Nh4 21.
Ng3 Rf8 22. Nf5 Nxf5 23. Bxf5 g5 24. f4 Rce8 25. fxg5 Bd6 26. gxh6 Rxe3 27.
Qxe3 Kh8 1-0

[Event "Bad Woerishofen op"]
[Site "?"]
[Date "2000.??.??"]
[Round "4"]
[White "Geissler, Dieter"]
[Black "Wild, Gerhard"]
[Result "1/2-1/2"]
[WhiteElo "2072"]
[BlackElo "1973"]
[Annotator "ChessOrg"]
[PlyCount "83"]
[EventDate "2000.??.??"]
[Source "ChessBase"]
[SourceDate "1998.04.29"]

1. e4 c5 2. Nf3 e6 3. d4 cxd4 4. Nxd4 Nf6 5. Bd3 d6 6. O-O a6 7. h3 Be7 8. Be3
Nbd7 9. f3 Qc7 10. Nd2 O-O 11. c3 Rd8 12. Qe2 Ne5 13. Bc2 Ng6 14. f4 Bf8 15.
Qf2 Nd7 16. Ne2 Re8 17. h4 Nf6 18. Qg3 Qa5 19. f5 exf5 20. exf5 Qe5 21. fxg6
Qxg3 22. gxh7+ Nxh7 23. Nxg3 Rxe3 24. Bxh7+ Kxh7 25. Rxf7 Be6 26. Rf3 Re5 27.
Nge4 Be7 28. Ng5+ Bxg5 29. hxg5 Rxg5 30. Ne4 Re5 31. Nxd6 Kg8 32. Rf4 Bd5 33.
Rd1 Bc6 34. Nc4 Re2 35. Rd2 Rae8 36. Rfd4 Bxg2 37. Rd8 Rxd8 38. Rxd8+ Kh7 39.
a4 Bc6 40. a5 Bb5 41. Nd2 Bc6 42. Kf1 1/2-1/2

[Event "Bad Woerishofen op"]
[Site "?"]
[Date "2000.??.??"]
[Round "6"]
[White "Geissler, Dieter"]
[Black "Borchert, Reinhard"]
[Result "1-0"]
[WhiteElo "2072"]
[BlackElo "1840"]
[Annotator "ChessOrg"]
[PlyCount "97"]
[EventDate "2000.??.??"]
[Source "ChessBase"]
[SourceDate "1998.04.29"]

1. e4 d5 2. exd5 Nf6 3. d4 Qxd5 4. Nf3 Bg4 5. Be2 e6 6. O-O Be7 7. c4 Qd8 8. h3
Bxf3 9. Bxf3 c6 10. Nc3 O-O 11. Be3 Na6 12. Qb3 Rb8 13. Rad1 Nc7 14. Rd2 Qd6
15. c5 Qd7 16. Bf4 b5 17. Rfd1 Rbd8 18. a4 a6 19. axb5 axb5 20. Rd3 Ncd5 21.
Nxd5 Nxd5 22. Bd2 Ra8 23. Be2 Bf6 24. Bf3 Rfd8 25. Qc2 Ra4 26. Bxd5 Qxd5 27.
Be3 Rda8 28. Qe2 Ra1 29. Kh2 R8a2 30. Qc2 Rxd1 31. Rxd1 Ra4 32. Qc3 g6 33. b3
Ra3 34. Rd3 Kg7 35. Qb2 Ra6 36. Qd2 h5 37. f3 Qf5 38. Qe2 Ra3 39. g4 hxg4 40.
hxg4 Qd5 41. Qb2 Ra8 42. Qd2 g5 43. Kg3 Bd8 44. Qc1 Bc7+ 45. Kf2 Rh8 46. Bxg5
Rh2+ 47. Kg1 Rh3 48. Qe3 Qd8 49. Bxd8 1-0

[Event "Bad Woerishofen op"]
[Site "Bad Woerishofen"]
[Date "2000.??.??"]
[Round "9"]
[White "Geissler, Dieter"]
[Black "Neumann, Erwin"]
[Result "1-0"]
[WhiteElo "2072"]
[BlackElo "1810"]
[Annotator "ChessOrg"]
[PlyCount "131"]
[EventDate "1998.03.05"]
[Source "ChessBase"]
[SourceDate "1998.04.29"]

1. e4 e5 2. Nf3 Nf6 3. Nc3 Bb4 4. Nxe5 O-O 5. Ng4 Bxc3 6. bxc3 Nxe4 7. Be2 d5
8. O-O Be6 9. Bb2 Nd7 10. d3 Nd6 11. f4 Nf5 12. Qd2 c6 13. d4 Qh4 14. Ne5 Nf6
15. Bf3 Ne4 16. Bxe4 dxe4 17. Qe2 f6 18. Nc4 b5 19. Na5 Bd5 20. c4 bxc4 21.
Nxc6 Rfc8 22. Nb4 Bb7 23. c3 a5 24. Nc2 Nd6 25. Ne3 f5 26. a4 Qf6 27. Ba3 Ne8
28. Rfb1 Rab8 29. Bc5 Ba6 30. Nd5 Qe6 31. Ne7+ Kh8 32. Nxc8 Qxc8 33. Qh5 Rb3
34. Qf7 h6 35. Rxb3 cxb3 36. Qxb3 Bd3 37. Re1 Nf6 38. Qf7 Qc6 39. Bf8 Ne8 40.
d5 Qb6+ 41. Kh1 Qf2 42. Ra1 Bf1 43. Qg6 e3 44. Bc5 Nf6 45. Bd4 Qxf4 46. d6 e2
47. Bxf6 gxf6 48. d7 Qd6 49. Qe8+ Kg7 50. d8=Q Qxd8 51. Qxd8 e1=Q 52. Qd3 Bxd3+
53. Rxe1 Bc2 54. Re7+ Kg6 55. Ra7 Bxa4 56. Rxa5 Bb3 57. Kg1 Kg5 58. Kf2 Kf4 59.
Rb5 Ba2 60. Rb6 Ke5 61. g3 h5 62. Rb5+ Ke4 63. Rb6 Ke5 64. Ke3 h4 65. Rb5+ Ke6
66. gxh4 1-0

[Event "Bad Woerishofen op"]
[Site "?"]
[Date "2000.??.??"]
[Round "1"]
[White "Gensbauer, Viktor"]
[Black "Nowotny, Heinz"]
[Result "1/2-1/2"]
[WhiteElo "1792"]
[BlackElo "2255"]
[Annotator "ChessOrg"]
[PlyCount "108"]
[EventDate "2000.??.??"]
[Source "ChessBase"]
[SourceDate "1998.04.29"]

1. e4 Nf6 2. e5 Nd5 3. c4 Nb6 4. d4 d6 5. exd6 exd6 6. Nf3 Be7 7. Bd3 Bg4 8.
O-O Nc6 9. Be3 O-O 10. Nbd2 Bf6 11. Nb3 Nb4 12. Be2 c6 13. a3 Na6 14. Rc1 Nc7
15. Qd2 d5 16. Na5 Nxc4 17. Nxc4 dxc4 18. Rxc4 Nd5 19. h3 Be6 20. Rcc1 Nxe3 21.
Qxe3 Re8 22. Qd3 Qb6 23. b4 Rad8 24. Rfe1 Bd5 25. Rcd1 Bxf3 26. Qxf3 Rxd4 27.
Bd3 Rxe1+ 28. Rxe1 Qd8 29. Rd1 g6 30. Bc2 Rxd1+ 31. Qxd1 Qxd1+ 32. Bxd1 Be7 33.
Kf1 a5 34. bxa5 Bxa3 35. Be2 Bc5 36. a6 bxa6 37. Bxa6 Bb4 38. Ke2 Kf8 39. Kd3
Ke7 40. Bc4 f6 41. g4 g5 42. Ke4 Kd6 43. Bb3 Bc3 44. f4 h6 45. fxg5 hxg5 46.
Bc4 Kc5 47. Kd3 Kb4 48. Be6 c5 49. Bc4 Bd4 50. Be6 Ka3 51. Kc2 Kb4 52. Kd3 Kb5
53. Bc4+ Kc6 54. Ke4 Kd6 1/2-1/2

[Event "Bad Woerishofen op"]
[Site "?"]
[Date "2000.??.??"]
[Round "3"]
[White "Gensbauer, Viktor"]
[Black "Manfeldt, Alfred"]
[Result "1/2-1/2"]
[WhiteElo "1792"]
[BlackElo "1723"]
[Annotator "ChessOrg"]
[PlyCount "66"]
[EventDate "2000.??.??"]
[Source "ChessBase"]
[SourceDate "1998.04.29"]

1. e4 e6 2. d4 b6 3. Nf3 Ba6 4. Bd3 Bxd3 5. Qxd3 Be7 6. O-O d6 7. Bf4 Nd7 8. c4
Ngf6 9. Nc3 Nh5 10. Be3 O-O 11. Rad1 g5 12. h3 Nf4 13. Bxf4 gxf4 14. e5 dxe5
15. dxe5 Nc5 16. Qc2 Qc8 17. Qc1 f5 18. Qxf4 Rf7 19. Rd2 Nd7 20. Rfd1 Nf8 21.
Rc2 Qb7 22. Ne1 Rd8 23. Rxd8 Bxd8 24. Qf3 Qxf3 25. Nxf3 Rd7 26. Rd2 Rxd2 27.
Nxd2 Ng6 28. Nf3 c6 29. Nd1 Kf7 30. Kf1 h6 31. g4 fxg4 32. hxg4 Bc7 33. b3 Nxe5
1/2-1/2

[Event "Bad Woerishofen op"]
[Site "?"]
[Date "2000.??.??"]
[Round "5"]
[White "Gensbauer, Viktor"]
[Black "Escher, Helmut"]
[Result "1/2-1/2"]
[WhiteElo "1792"]
[BlackElo "2050"]
[Annotator "ChessOrg"]
[PlyCount "61"]
[EventDate "2000.??.??"]
[Source "ChessBase"]
[SourceDate "1998.04.29"]

1. e4 c5 2. Nf3 e6 3. Bd3 Qc7 4. c3 d5 5. Bc2 Nc6 6. O-O dxe4 7. Bxe4 Nf6 8.
Bc2 Be7 9. d3 O-O 10. Nbd2 b6 11. Qe2 Bb7 12. Re1 Rad8 13. Ne4 Nxe4 14. dxe4
Ne5 15. Nxe5 Qxe5 16. f4 Qc7 17. e5 g6 18. Be4 Bxe4 19. Qxe4 c4 20. Be3 Rd3 21.
Rad1 Rfd8 22. Rxd3 Rxd3 23. Kf1 Kg7 24. Bd4 Bc5 25. Re3 Rd1+ 26. Re1 Rxe1+ 27.
Kxe1 Bxd4 28. Qxd4 Qc6 29. Kf2 Qa4 30. Qd8 Qc2+ 31. Kf3 1/2-1/2

[Event "Bad Woerishofen op"]
[Site "?"]
[Date "2000.??.??"]
[Round "7"]
[White "Gensbauer, Viktor"]
[Black "Bakalarozyk, Wtodzim"]
[Result "1/2-1/2"]
[WhiteElo "1792"]
[BlackElo "2000"]
[Annotator "ChessOrg"]
[PlyCount "93"]
[EventDate "2000.??.??"]
[Source "ChessBase"]
[SourceDate "1998.04.29"]

1. e4 c5 2. Nf3 e6 3. Bd3 g6 4. c3 Bg7 5. Bc2 Nc6 6. O-O e5 7. d3 d6 8. Nbd2
Nf6 9. Re1 O-O 10. Nf1 Kh8 11. Bd2 Nh5 12. Bb3 Rb8 13. Ng5 Qe7 14. Bd5 Nd8 15.
Nf3 Ne6 16. Be3 Nhf4 17. Bb3 b6 18. Qd2 Ba6 19. Bc2 Rfd8 20. g3 Nh5 21. Ng5 Bc8
22. Bd1 Nf6 23. Qc2 Nxg5 24. Bxg5 h6 25. Bxf6 Bxf6 26. Ne3 Be6 27. c4 Qd7 28.
Bf3 Rg8 29. Qe2 h5 30. Bg2 Kg7 31. Nd5 Bd8 32. Rf1 Bg5 33. h4 Bh6 34. Kh2 Rgf8
35. Bf3 b5 36. b3 bxc4 37. dxc4 Bxd5 38. cxd5 Rb4 39. Qc2 Rfb8 40. Be2 Kh7 41.
Bc4 g5 42. hxg5 Bxg5 43. Kg2 Qg4 44. Rae1 Kg7 45. Qe2 Rh8 46. Qxg4 hxg4 47. Rh1
1/2-1/2

[Event "Bad Woerishofen op"]
[Site "?"]
[Date "2000.??.??"]
[Round "2"]
[White "Gestrich, Wolfgang"]
[Black "Philipp, Guenther"]
[Result "0-1"]
[WhiteElo "1543"]
[BlackElo "1752"]
[Annotator "ChessOrg"]
[PlyCount "44"]
[EventDate "2000.??.??"]
[Source "ChessBase"]
[SourceDate "1998.04.29"]

1. c4 c6 2. Nc3 d5 3. cxd5 cxd5 4. d4 Nf6 5. g3 e6 6. Bg2 Nc6 7. a3 Qa5 8. Bd2
Qb6 9. Rb1 Qxd4 10. Nb5 Qb6 11. Qa4 Bd7 12. Be3 Qd8 13. Bf4 e5 14. Bg5 Nd4 15.
Bxd5 Bxb5 16. Qd1 Qxd5 17. f3 Bxe2 18. Qa4+ Bb5 19. Qa5 Bd6 20. Rd1 O-O 21. Kf2
Rac8 22. Ne2 Qxf3+ 0-1

[Event "Bad Woerishofen op"]
[Site "?"]
[Date "2000.??.??"]
[Round "4"]
[White "Gestrich, Wolfgang"]
[Black "Budde, Reinhard"]
[Result "1-0"]
[WhiteElo "1543"]
[BlackElo "1621"]
[Annotator "ChessOrg"]
[PlyCount "53"]
[EventDate "2000.??.??"]
[Source "ChessBase"]
[SourceDate "1998.04.29"]

1. c4 Nf6 2. Nc3 g6 3. g3 Bg7 4. Bg2 O-O 5. e4 e5 6. Nge2 c5 7. d3 d6 8. O-O
Nbd7 9. Bg5 Qa5 10. Qd2 Re8 11. h3 a6 12. a4 Nf8 13. Bh6 Bh8 14. f4 exf4 15.
Qxf4 Qd8 16. Nd5 N8d7 17. Bg5 Re6 18. h4 Ne5 19. Nxf6+ Bxf6 20. Bxf6 Qc7 21.
Bxe5 dxe5 22. Qg5 Kg7 23. Nc3 h6 24. Nd5 Qd6 25. Qe3 Qc6 26. Qf3 Qd7 27. Bh3
1-0